000 00775nam a2200241 a 4500
005 20251205064000.0
008 060523s1992 mx r 000 0 spa d
020 _a9684306725
035 _aUPN01000144637
049 _aCG
050 4 _aHM101
_bB6.7
100 1 _aBotkin, James W.
245 1 0 _aAprender, horizontes sin limítes :
_binforme al Club de Roma /
_cJames W. Botkin, Mahdi Elmandjra, Mircea Malitza.
260 _aMéxico :
_bSantillana,
_c1992.
300 _a202 p.
440 0 _aAula XXI
534 _pTraducción de:
_tNo limits to learning : bridging the human gap
650 4 _aCambio social
_94887
650 4 _aAprendizaje
_xAspectos sociales
_97601
700 1 _aElmandjra, Mahdi,
_ecoaut.
700 1 _aMalitza, Mircea,
_ecoaut.
905 _aLibro
999 _c116784
_d116784